| 000 | 01344cam a22002411 4500 | ||
|---|---|---|---|
| 001 | ca 17003896 | ||
| 003 | DLC | ||
| 005 | 20260227111106.0 | ||
| 008 | 900330s1900 hu cfh 000 0 hun | ||
| 010 | _aca 17003896 | ||
| 035 | _a(OCoLC)21289009 | ||
| 040 |
_aDLC _cWaU _dDLC |
||
| 042 | _apremarc | ||
| 050 | 0 | 0 |
_aPH3205 _b.A1 1900 |
| 100 | 1 |
_aArany, János, _d1817-1882. |
|
| 245 | 0 | 0 | _aÖsszes munkái. |
| 260 |
_aBudapest, _bFranklin társulat, _c1900. |
||
| 300 |
_a13 v. _b3 front. (ports., v. 9, 10, 12) plates, facsims. _c21 cm. |
||
| 505 | 0 | _a1. köt. Kisebb költemények.--2. köt. Toldi trilógia.--3. köt. Elbeszélő költemények.--4. köt. Elbeszélő költemények. Elegyes darabok.--5. köt. Prózai dolgozatai.--6. köt. Shakspere-forditások: A szent-Iván éji álom. Hamlet, dan királyfi. János király.--7.-8. köt. Aristophanes vígjátékai: I. A lovagok. A felhők. A darázsok. A béke. Az Acharnaebeliek. A madarak. II. A békák. Lysistrate. A nők ünnepe. A nőuralom. Plutos.--9. köt Hátrahagyott versei.--10. köt Hátrahagyott prózai dolgozatai.--11.-12. köt. Levelezése iró barátaival.--13. köt. Katona József Bánk bán-ja, Arany János jegyzeteivel és tanulmányaival. | |
| 700 | 1 |
_aShakespeare, William, _d1564-1616. |
|
| 700 | 0 | _aAristophanes. | |
| 700 | 1 |
_aKatona, József, _d1792-1830. |
|
| 999 |
_c15331 _d15331 |
||